000 00613nam a2200241Ia 4500
003 OSt
005 20221005122342.0
006 a|||||r|||| 00| 0
007 ta
008 221004b |||||||| |||| 00| 0 mar d
024 _a40328
037 _cTextual
040 _aCRL
_cCRL
_bmar
041 _2mar
_amar
082 _aO155,2MGO,1, J4
100 _aGokhley Nanashabh
_9631837
245 0 _aJankoji sindhey
260 _c1954
300 _a84p.
_ccm.
650 _aMARATHI LITERATURE
_938000
942 _hO155,2MGO,1, J4
_cTEXL
_2cc
999 _c1044017
_d1044017